[Event "Caorle op"]
[White "Vlajkovic, Slobodan"]
[Black "Maffezzoni, Marco"]
[Site "Caorle"]
[Round "5"]
[Result "1/2-1/2"]
[Date "1989.??.??"]
[WhiteElo "2250"]
[BlackElo "1940"]
[PlyCount "76"]
[EventDate "1989.07.??"]
[EventType "swiss"]
[EventRounds "8"]
[EventCountry "ITA"]
[SourceTitle "EXT 2000"]
[Source "ChessBase"]
[SourceDate "1999.11.16"]
[SourceVersion "1"]
[SourceVersionDate "1999.11.16"]
[SourceQuality "1"]

1. c4 e6 2. Nc3 d5 3. d4 Nf6 4. cxd5 exd5 5. Bg5 Be7 6. e3 h6 7. Bh4 c6 8. Qc2 Be6 9. Bd3 Nbd7 10. Nge2 Nh5 11. Bxe7 Qxe7 12. 0-0 0-0 13. Rae1 Qd6 14. e4 dxe4 15. Nxe4 Qb4 16. b3 Nhf6 17. Nf4 Bd5 18. Nxd5 Nxd5 19. Ng3 Rfe8 20. Rxe8+ Rxe8 21. Qd1 N7f6 22. Nf5 Nf4 23. h3 Qc3 24. Bc4 b5 25. Bxf7+ Kxf7 26. Nd6+ Kf8 27. Nxe8 Kxe8 28. Re1+ Kf7 29. Re3 Qb2 30. Rf3 Qxd4 31. Qc2 c5 32. Kh2 N4d5 33. Qf5 Ne7 34. Qc2 Ned5 35. Qf5 Ne7 36. Qc2 Ned5 37. Qf5 Ne7 38. Qc2 Ned5 1/2-1/2

[Event "Caorle op"]
[White "Maffezzoni, Marco"]
[Black "Facchetti, Gianni"]
[Site "Caorle"]
[Round "3"]
[Result "1-0"]
[Date "1988.??.??"]
[WhiteElo "1905"]
[BlackElo "2075"]
[PlyCount "113"]
[EventDate "1988.??.??"]
[EventType "swiss"]
[EventRounds "8"]
[EventCountry "ITA"]
[SourceTitle "EXT 1999"]
[Source "ChessBase"]
[SourceDate "1998.11.16"]
[SourceVersion "1"]
[SourceVersionDate "1998.11.16"]
[SourceQuality "1"]

1. e4 e5 2. Nf3 Nc6 3. Bb5 Bc5 4. c3 Nf6 5. 0-0 0-0 6. d4 Bb6 7. Bg5 h6 8. Bh4 d6 9. Bxc6 bxc6 10. dxe5 dxe5 11. Qxd8 Rxd8 12. Nxe5 g5 13. Nxc6 Ba6 14. Nxd8 Rxd8 15. Bg3 Nxe4 16. a4 Bxf1 17. Kxf1 a5 18. Ke2 Re8 19. Kf1 Rd8 20. Ke2 f5 21. f3 Nc5 22. Nd2 Rxd2+ 23. Kxd2 Nb3+ 24. Kd3 Nxa1 25. b4 Kf7 26. Be5 c5 27. Kc4 cxb4 28. cxb4 Nc2 29. Kb5 Be3 30. Kxa5 Ke6 31. Bg7 h5 32. b5 Kd6 33. Ka6 Kc7 34. Be5+ Kc8 35. b6 Nb4+ 36. Kb5 Kb7 37. Kxb4 Kxb6 38. a5+ Ka6 39. Bc7 g4 40. Kc4 Bd2 41. Kd4 Kb7 42. Bb6 Bf4 43. h3 Kc6 44. Kc4 Bd2 45. Bd8 Be3 46. Bf6 Bf4 47. Bd4 Kb7 48. Kd5 gxh3 49. gxh3 Bg3 50. Ke6 f4 51. Kf5 Ka6 52. Bc3 Kb5 53. Kg5 h4 54. Kg4 Ka6 55. Bd2 Kb5 56. Bxf4 Bf2 57. Bc7 1-0

[Event "Caorle op"]
[White "Miotto, R."]
[Black "Maffezzoni, Marco"]
[Site "Caorle"]
[Round "8"]
[Result "1/2-1/2"]
[Date "1988.??.??"]
[WhiteElo "1900"]
[BlackElo "1905"]
[PlyCount "46"]
[EventDate "1988.??.??"]
[EventType "swiss"]
[EventRounds "8"]
[EventCountry "ITA"]
[SourceTitle "EXT 1999"]
[Source "ChessBase"]
[SourceDate "1998.11.16"]
[SourceVersion "1"]
[SourceVersionDate "1998.11.16"]
[SourceQuality "1"]

1. e4 e5 2. f4 d5 3. exd5 e4 4. d3 Nf6 5. Nc3 Bf5 6. dxe4 Nxe4 7. Bb5+ Nd7 8. Nf3 Nxc3 9. bxc3 Qe7+ 10. Qe2 0-0-0 11. Qxe7 Bxe7 12. Bd3 Bxd3 13. cxd3 Nc5 14. d4 Nd3+ 15. Kd2 Nxc1 16. c4 Ba3 17. Ne5 Rhf8 18. Raxc1 Bxc1+ 19. Rxc1 c6 20. dxc6 Rxd4+ 21. Ke3 Rd6 22. c5 Rxc6 23. Nxc6 bxc6 1/2-1/2